000 01110nam a2200277Ia 4500
003 GCL
008 140319s9999 xx 000 0 ara d
020 _a3026019957
040 _aGCL /
_cGCL
082 0 4 _a355.0335
_bط ا
100 1 _aطه نورى ياسين الشكرجى
245 1 0 _aاستراتيجية بناء القوات المسلحة لضمان المصالح الوطنية /
_cطه نورى ياسين الشكرجى
250 _aالاولى
260 _aالاردن :
_bدار الرائد للنشر والتوزيع ،
_c2007
300 _a165 ص ؛
_c24 سم
650 0 4 _aالمقاومة الفلسطينية
650 0 4 _aالمعدات العسكرية
650 0 4 _aالحرب
650 0 4 _aالقوات الجوية
650 0 4 _aالقوات المسلحة
650 0 4 _aالاسلحة والتسليح
650 0 4 _aالعراق - الاحوال السياسية - الاحتلال الامريكى
650 0 4 _aالقوات المسلحة - اجهزة ومعدات
650 0 4 _aالقوات المسلحة - الخدمات الطبية
942 _2ddc
_cBK
999 _c9994
_d9994